000 00487nam a22001337a 4500
040 _cNUST
082 _a220 PRO
100 _aMuhammad Abdullah Khan Syed Ghazi Hussain Kazmi Usama Munir Gohar Khan Awan
_985671
110 _aProject Supervisor Prof. Dr. Zafar Bangash
_985672
245 _aPR-SOF-2062-Design and Analysis of Solar Parabolic Trough Collector for Steam Generation
260 _aISLAMABAD:
_bNUST COLLEGE OF EME,
_c2021.
650 _aDE-MECH-39
_985673
942 _2ddc
_cPR
999 _c587052
_d587052